000 00725nam a2200205Ia 4500
005 20260121110023.0
008 008 260114s9999 xx 000 0 hin d
020 _a9788132360629
037 _aEBOOK
040 _aCRL
_bhin
_cCRL
041 _ahin
_2hin
084 _qCRL
100 _aकर्मवीर चौधरी / Karmveer Chaudhary
_9941059
245 0 _aजल: स्रोत, विस्तार, उपयोग एवं संरक्षण / Jal: Strot, Vistaar, Upyog aur Sanrakshan
260 _bभाषा प्रकाशन / Bhasha Prakashan
_c2021
856 _uhttps://bhashaprakashan.com/product-details/379013
942 _cEBOOK
999 _c1532724
_d1532724